El desorden sanitario tiene cura (Registro nro. 4035)
[ vista simple ]
| 000 -CABECERA | |
|---|---|
| campo de control de longitud fija | 00793nam a2200241 a 4500 |
| 001 - NÚMERO DE CONTROL | |
| campo de control | ES-MaREB01088790-3 |
| 003 - IDENTIFICADOR DEL NÚMERO DE CONTROL | |
| campo de control | ES-MaREB |
| 005 - FECHA Y HORA DE LA ÚLTIMA TRANSACCIÓN | |
| campo de control | 20181024095312.0 |
| 007 - CAMPO FIJO DE DESCRIPCIÓN FÍSICA--INFORMACIÓN GENERAL | |
| campo de control de longitud fija | ta |
| 008 - DATOS DE LONGITUD FIJA--INFORMACIÓN GENERAL | |
| campo de control de longitud fija | 100604s2009 espa | |||| 000 0 spa d |
| 017 ## - NÚMERO DE COPYRIGHT O DE DEPÓSITO LEGAL | |
| Número de copyright o de depósito legal | B 47440-2009 |
| 020 ## - NÚMERO INTERNACIONAL ESTÁNDAR DEL LIBRO | |
| Número Internacional Estándar del Libro | 9788492442560 |
| 033 0# - FECHA/HORA Y LUGAR DE UN ACONTECIMIENTO | |
| Fecha/hora formateada | 20100408 |
| 040 ## - FUENTE DE LA CATALOGACIÓN | |
| Centro catalogador/agencia de origen | BP-LO |
| 080 ## - NÚMERO DE LA CLASIFICACIÓN DECIMAL UNIVERSAL | |
| Número de la Clasificación Decimal Universal | 364.444.046 |
| 100 1# - ENTRADA PRINCIPAL--NOMBRE DE PERSONA | |
| Nombre de persona | Govindarajan, Rajaram |
| 245 13 - MENCIÓN DE TÍTULO | |
| Título | El desorden sanitario tiene cura |
| Resto del título | : desde la seguridad del paciente hasta la sostenibilidad del sistema sanitario con la gestión por procesos / |
| Mención de responsabilidad, etc. | Rajaram Govindarajan. |
| 260 ## - PUBLICACIÓN, DISTRIBUCIÓN, ETC. (PIE DE IMPRENTA) | |
| Lugar de publicación, distribución, etc. | Valncia : |
| Nombre del editor, distribuidor, etc. | Marge Médica Books, |
| Fecha de publicación, distribución, etc. | 2009. |
| 300 ## - DESCRIPCIÓN FÍSICA | |
| Extensión | 204 p. : |
| Otras características físicas | il., gráf. ; |
| Dimensiones | 24 cm. |
| 490 0# - MENCIÓN DE SERIE | |
| Mención de serie | Gestiona |
| 504 ## - NOTA DE BIBLIOGRAFÍA, ETC. | |
| Bibliografía, etc. | |
| 650 #4 - PUNTO DE ACCESO ADICIONAL DE MATERIA--TÉRMINO DE MATERIA | |
| Término de materia o nombre geográfico como elemento inicial | Servicios de salud |
| Subdivisión general | Gestión de calidad. |
No hay ítems disponibles.

